Normal view
MARC view
- Durantin, Cecilia
Entry Nombre Personal
001 - NUMERO DE CONTROL
- campo de control: 50841
003 - IDENTIFICADOR DE NUMERO DE CONTROL
- campo de control: UPN
005 - FECHA Y HORA DE LA ÜLTIMA TRANSACCIÓN
- campo de control: 20240305113221.0
008 - DATOS DE LONGITUD FIJA
- campo de control de longitud fija: 240118|| aca||aabn | a|a d
024 ## - OTROS IDENTIFICADORES NORMALIZADOS
- Fuente: orcid
- Número normalizado o código: https://orcid.org/0000-0002-7473-4977
040 ## - FUENTE DE CATALOGACIÓN
- Agencia original de catalogación: MX-MxUPN
100 1# - ENCABEZAMIENTO - NOMBRE PERSONAL
- Nombre personal: Durantin, Cecilia
370 ## - LUGAR ASOCIADO
- Place of birth: Buenos Aire, Argentina
371 ## - DIRECCIÓN
- Electronic mail address: ceciliadurantini@gmail.com
372 ## - CAMPO DE ACTIVIDAD
- Field of activity: Ciencias de la educación
- Field of activity: Docencia
373 ## - GRUPO ASOCIADO
- Associated group: Universidad de Buenos Aires
374 ## - OCUPACIÓN
- Occupation: Profesora universitaria
670 ## - FUENTE EN LA QUE SE LOCALIZARON DATOS
- Cita de la fuente: En recurso en línea: Ciencias sociales y educación. Vol. 12, no. 23 (2023):
- Información localizada: página 29 (Cecilia Durantini)
- Uniform Resource Identifier: https://revistas.udem.edu.co/index.php/Ciencias_Sociales/article/view/4158/3625
902 ## - CATALOGADOR
- Catalogador: RGJD/180124
